Prolegómenos derechos y valores.

Bibliographic Details
Corporate Author: Universidad Militar Nueva Granada
Format: Electronic Journal
Language:Spanish
Published: [Bogatá] : Universidad Militar Nueva Granada, [1989]-
Subjects:
Online Access:Full text available from Research Library: 01/01/2013 to present

MARC

LEADER 00000nas a2200000 i 4500
001 ssj0068850
003 WaSeSS
005 20200512172242.0
006 m d
007 cr n
008 081210c19899999ck fr pss 0 0spa c
010 |a  2012269057 
016 7 |a 2543925-X  |2 DE-600 
035 |a (WaSeSS)ssj0068850 
040 |a CGU  |b eng  |c CGU  |d CCO  |d HEBIS  |d OCLCQ  |d NTE  |d UTV  |d OCLCQ  |d OCLCF  |d CUS  |d OCLCO  |d OCLCQ  |d OCLCA  |d WaSeSS 
042 |a pcc 
043 |a s-ck--- 
050 4 |a K16  |b .P764 
245 0 0 |a Prolegómenos  |h [electronic resource] :  |b derechos y valores. 
246 1 3 |a Revista derechos y valores 
246 1 3 |a Derechos y valores 
260 |a [Bogatá] :  |b Universidad Militar Nueva Granada,  |c [1989]- 
310 |a Semiannual 
362 1 |a Print began in 1989. 
506 |a License restrictions may limit access. 
588 |a Description based on: Número 15, vol. VIII (año 2005); title from html header (Redalyc; viewed November 5, 2012). 
588 |a Latest issue consulted: Número 28, vol. XIV, (año 2011) (Redalyc; viewed November 5, 2012). 
650 0 |a Law  |z Colombia  |v Periodicals. 
650 7 |a Law.  |2 fast  |0 (OCoLC)fst00993678 
651 7 |a Colombia.  |2 fast  |0 (OCoLC)fst01205916 
655 0 |a Electronic journals. 
710 2 |a Universidad Militar Nueva Granada. 
856 4 0 |z Full text available from Research Library: 01/01/2013 to present  |u https://search.proquest.com/publication/2042929